Using waste as a resource in construction (Record no. 70860)
[ view plain ]
| 000 -LEADER | |
|---|---|
| fixed length control field | 00845cam a2200217 4500 |
| 001 - CONTROL NUMBER | |
| control field | ABS65685 |
| 008 - FIXED-LENGTH DATA ELEMENTS--GENERAL INFORMATION | |
| fixed length control field | 020731n2002 000 0 eng u |
| 035 ## - SYSTEM CONTROL NUMBER | |
| System control number | (Sirsi) u119127 |
| 100 ## - MAIN ENTRY--PERSONAL NAME | |
| Personal name | Smith, R |
| 245 ## - TITLE STATEMENT | |
| Title | Using waste as a resource in construction |
| 260 ## - PUBLICATION, DISTRIBUTION, ETC. | |
| Date of publication, distribution, etc. | 2002 |
| 490 ## - SERIES STATEMENT | |
| Series statement | Wastes Management |
| Volume/sequential designation | July 2002, 43-45(3) |
| 520 ## - SUMMARY, ETC. | |
| Summary, etc. | Looks at the drivers for change and barriers to the use of secondary and recycled materials in construction and shows projects which have overcome these barriers. Emphasises the value of secondary and recycled waste materials as a contribution to sustainable development. |
| 590 ## - LOCAL NOTE (RLIN) | |
| Local note | ABS |
| 650 ## - SUBJECT ADDED ENTRY--TOPICAL TERM | |
| Topical term or geographic name entry element | SUSTAINABLE CONSTRUCTION |
| 650 ## - SUBJECT ADDED ENTRY--TOPICAL TERM | |
| Topical term or geographic name entry element | BUILT ENVIRONMENT |
| 650 ## - SUBJECT ADDED ENTRY--TOPICAL TERM | |
| Topical term or geographic name entry element | SECONDARY MATERIALS |
| 650 ## - SUBJECT ADDED ENTRY--TOPICAL TERM | |
| Topical term or geographic name entry element | RECYCLED MATERIALS |
| 690 ## - LOCAL SUBJECT ADDED ENTRY--TOPICAL TERM (OCLC, RLIN) | |
| Topical term or geographic name as entry element | BUILT ENVIRONMENT-BUILDING MATERIALS |
| 942 ## - ADDED ENTRY ELEMENTS (KOHA) | |
| Suppress in OPAC | 0 |
| Withdrawn status | Lost status | Source of classification or shelving scheme | Damaged status | Not for loan | Home library | Current library | Shelving location | Date acquired | Total Checkouts | Full call number | Barcode | Date last seen | Copy number | Price effective from | Koha item type |
|---|---|---|---|---|---|---|---|---|---|---|---|---|---|---|---|
| Dewey Decimal Classification | London | London | Journal article | 31/07/2002 | ABS65685 | 119127-1001 | 06/08/2019 | 1 | 06/08/2019 | Journal article |